Kyichu Lhakhang : (Record no. 4149)
[ view plain ]
| 000 -LEADER | |
|---|---|
| fixed length control field | 00601nam a2200169 4500 |
| 001 - CONTROL NUMBER | |
| control field | 4976 |
| 005 - DATE AND TIME OF LATEST TRANSACTION | |
| control field | 20181127174527.0 |
| 020 00 - INTERNATIONAL STANDARD BOOK NUMBER | |
| International Standard Book Number | 9786169128922 |
| 090 00 - LOCALLY ASSIGNED LC-TYPE CALL NUMBER (OCLC); LOCAL CALL NUMBER (RLIN) | |
| Classification number (OCLC) (R) ; Classification number, CALL (RLIN) (NR) | 248.26 D699k 2015 |
| 245 00 - TITLE STATEMENT | |
| Title | Kyichu Lhakhang : |
| Remainder of title | The sacred jewel of Bhutan / |
| Statement of responsibility, etc. | Edited by Dungchen Sangay Dorji, Supawan Pul Lamsam, Kesang Choden, Tashi Wanchuck, Pema Wangdi. |
| Medium | |
| 260 00 - PUBLICATION, DISTRIBUTION, ETC. | |
| Place of publication, distribution, etc. | Thimphu : |
| Name of publisher, distributor, etc. | Gatshel Publishing. |
| Date of publication, distribution, etc. | 2015. |
| 300 00 - PHYSICAL DESCRIPTION | |
| Extent | 172 p. : col. ill. ; 30 cm. |
| 500 00 - GENERAL NOTE | |
| General note | |
| 650 00 - SUBJECT ADDED ENTRY--TOPICAL TERM | |
| Topical term or geographic name entry element | Buddhist monasteries --Bhutan --Guidebooks. |
| General subdivision | |
| Topical term or geographic name entry element | Religious life --Buddhism --Bhutan. |
| General subdivision | |
| Withdrawn status | Lost status | Source of classification or shelving scheme | Damaged status | Not for loan | Collection code | Home library | Current library | Shelving location | Serial Enumeration / chronology | Inventory number | Total Checkouts | Full call number | Barcode | Date last seen | Price effective from | Koha item type | Public note |
|---|---|---|---|---|---|---|---|---|---|---|---|---|---|---|---|---|---|
| Dewey Decimal Classification | Special collections | RTC Library | RTC Library | Special collections | 8157 | 248.26 DOR | 30007806 | 27/11/2018 | 27/11/2018 | Special Collections | Donated by Kesang Choeden Wangchuck, HM Queen Mother of HM King Jigme Singye Wangchuck. |